000
00310nam a2200133Ia 4500
008
231129s1975||||xx |||||||||||||| ||spa||
040
_b
spa
082
_a
Co863 A773i
100
_a
Arrubla Mario
245
0
_a
La infancia legendaria de Ramiro Cruz
260
_c
1975
264
_a
Lealon
942
_2
ddc
_c
BKS
999
_c
17385
_d
17385